Estimación del consumo de energía en la construcción de edificios
Gardado en:
| Autor Principal: | |
|---|---|
| Formato: | Libro |
| Idioma: | Spanish |
| Publicado: |
[San José], Costa Rica
2013
|
| Materias: | |
| Etiquetas: |
Engadir etiqueta
Sen Etiquetas, Sexa o primeiro en etiquetar este rexistro!
|
MARC
| LEADER | 00000nam a22000007a 4500 | ||
|---|---|---|---|
| 003 | 011764 | ||
| 005 | 20221231143913.0 | ||
| 008 | 150908b2013 cr a|||| |||| 00| 0 spa d | ||
| 040 | |c cru CEDI | ||
| 090 | |a TFG 6933 | ||
| 100 | |a Brenes Voiculescu, Bogdan |9 1131 | ||
| 245 | |a Estimación del consumo de energía en la construcción de edificios | ||
| 260 | |a [San José], Costa Rica |c 2013 | ||
| 500 | |a Proyecto de graduación (licenciatura en ingeniería civil)--Universidad de Costa Rica. Facultad de Ingeniería. Escuela de Ingeniería Civil | ||
| 650 | |x EDIFICIOS - CONSUMO DE ENERGIA - COSTA RICA |x INDUSTRIA DE LA CONSTRUCCION - CONSERVACION DE LA ENERGIA - COSTA RICA |x MATERIALES DE CONSTRUCCION - CONSUMO DE ENERGIA - COSTA RICA |9 1132 | ||
| 942 | |c TFG | ||
| 999 | |c 13987 |d 13987 | ||
